00463nam a2200157Ia 4500008004100000020001500041082001500056100002500071245005000096250000700146260003800153300002400191500001900215600002100234650005000255240925s9999 xx 000 0 und d a8120322150 a005.44 TAN aTanenbaum, Andrew .S 0aDistributed Systems: principles and paradigms aNA aNew Delhi:bPrentice Hallc,2006. a752p.bNAfOriginal aIncludes Index aComputer Science aComputer science, information & general works